000 00453cam a2200193ua 4500
001 10003
005 20260515114543.0
008 170315n ii |||gr||||Z||||||eng
040 _cMAIN
041 _aeng
082 _a613
100 _aDutt, Tapas Kumar,
_eAuthor.
245 _aArt of living
_cBy Tapas Kumar Dutt
250 _a3rd imp.
260 _aBombay:
_bJaico,
_c1964.
300 _a216p.
653 _aPersonal health & safety
942 _cBK
999 _c8994
_d8994